[Event "LSS SN-2008-0-00125"]
[Site "LSS email"]
[Date "2008.12.08"]
[Round "?"]
[White "Def, Persey"]
[Black "Pitymaty, Matyi"]
[Result "1-0"]
[WhiteElo "1277"]
[BlackElo "800"]
[PlyCount "70"]
[EventDate "2008.12.05"]
[EventType "tourn (corr)"]
[EventRounds "6"]
[EventCountry "GER"]
[SourceTitle "Corr 2011"]
[Source "ChessBase"]
[SourceDate "2010.08.31"]
[SourceVersion "1"]
[SourceVersionDate "2010.08.31"]
[SourceQuality "1"]

1. Nf3 Nf6 2. c4 e6 3. g3 d5 4. Bg2 Be7 5. 0-0 d4 6. e3 c5 7. exd4 cxd4 8. d3 0-0 9. Qe2 Nc6 10. Nbd2 Qb6 11. Re1 Rd8 12. a3 a5 13. b3 h6 14. Rb1 Bd7 15. Ne4 Nxe4 16. Qxe4 Re8 17. Qg4 f5 18. Qg6 Bf6 19. g4 Rf8 20. gxf5 Ne7 21. Qg4 Nxf5 22. Bf4 Be8 23. Nd2 Bd7 24. b4 axb4 25. Rxb4 Qd8 26. Rxb7 Rxa3 27. Nb3 Bc8 28. Rb8 Bg5 29. Bxg5 hxg5 30. Bb7 Rxb3 31. Rxc8 Qf6 32. Rxf8+ Kxf8 33. Be4 Nd6 34. c5 Nxe4 35. Qxe4 Kf7 1-0

[Event "LSS SN-2008-0-00125"]
[Site "LSS email"]
[Date "2008.12.08"]
[Round "?"]
[White "Pitymaty, Matyi"]
[Black "Vontina, Maria"]
[Result "1-0"]
[WhiteElo "800"]
[BlackElo "800"]
[PlyCount "31"]
[EventDate "2008.12.05"]
[EventType "tourn (corr)"]
[EventRounds "6"]
[EventCountry "GER"]
[SourceTitle "Corr 2011"]
[Source "ChessBase"]
[SourceDate "2010.08.31"]
[SourceVersion "1"]
[SourceVersionDate "2010.08.31"]
[SourceQuality "1"]

1. e4 c5 2. Nf3 d6 3. d4 cxd4 4. Nxd4 Nf6 5. Nc3 g6 6. Be3 Bg7 7. f3 0-0 8. Qd2 Nc6 9. 0-0-0 d5 10. Nxc6 bxc6 11. exd5 Nxd5 12. Bd4 Bxd4 13. Qxd4 Be6 14. Bc4 Nxc3 15. Qxc3 Bxc4 16. Rxd8 1-0